000 00519nam a2200217Ia 4500
003 OSt
005 20220924152620.0
006 a|||||r|||| 00| 0
007 ta
008 220923b |||||||| |||| 00| 0 per d
024 _a343348
037 _cTextual
040 _aARTS
_cARTS
_bper
041 _2per
_aper
082 _aV2:28wMAA, 164A70
245 0 _aAmeer nama
260 _c1870
650 _aINDIA - HISTORY
942 _hV2:28wMAA, 164A70
_cTEXL
_2CC
999 _c470418
_d470418